The history of English poetry : from the close of the eleventh to the commencement of the eighteenth century. To which are prefixed two dissertations. ... The second edition. Vol.I. By Thomas Warton, ...

Bibliographic Details
Main Author: Warton, Thomas, 1728-1790
Format: eBook
Language:English
Series:Eighteenth century collections online.
Online Access:Full text online

MARC

Tag First Indicator Second Indicator Subfields
LEADER 00000cam a2200000 4500
001 in00001908383
006 m | d |
007 cr |n||||||||n
008 831012s1775 enk|||| s 00| ||eng d
005 20260407192352.5
035 |a (CStRLIN)ESTCT145506 
040 |a Uk-ES  |c Uk-ES  |d CStRLIN  |d Thomson Gale  |d UtOrBLW 
100 1 |a Warton, Thomas,  |d 1728-1790. 
245 1 4 |a The history of English poetry :  |b from the close of the eleventh to the commencement of the eighteenth century. To which are prefixed two dissertations. ... The second edition. Vol.I. By Thomas Warton, ... 
264 3 |a London :  |b printed for, and sold by, J. Dodsley; J. Walter; T. Becket; J. Robson; G. Robinson, and J. Bew; and Messrs. Fletcher, at Oxford,  |c 1775. 
300 |a 4 unnumbered pages, viii, iv, 152 unnumbered pages, 468p. ;  |c 4⁰. 
336 |a text  |b txt  |2 rdacontent 
337 |a computer  |b c  |2 rdamedia 
338 |a online resource  |b cr  |2 rdacarrier 
500 |a Reproduction of original from the British Library. 
510 4 |a English Short Title Catalog,  |c ESTCT145506. 
533 |a Electronic reproduction.  |b Farmington Hills, Mich. :  |c Thomson Gale,  |d 2003.  |n Available via the World Wide Web.  |n Access limited by licensing agreements  |7 s2003 miunns 
500 |a Electronic resource. 
830 0 |a Eighteenth century collections online. 
856 4 0 |u http://proxy.library.tamu.edu/login?url=https://galenet.galegroup.com/servlet/ECCO?c=1&stp=Author&ste=11&af=BN&ae=T145506&tiPG=1&dd=0&dc=flc&docNum=CW112664352&vrsn=1.0&srchtp=a&d4=0.33&n=10&SU=0LRK&locID=txshracd2898  |z Full text online  |t 0 
999 |a MARS 
999 f f |s cbbe9baa-1d66-3111-b30f-2a3e5c5f2660  |i 41e8e839-5949-3847-8291-283f09b0251f  |t 0 
952 f f |a Texas A&M University  |b College Station  |c Electronic Resources  |s www_evans  |d Available Online  |t 0  |h No information provided 
998 f f |t 0  |l Available Online